000 00870nam a2200205Ii 4500
003 JO-AjNU
008 230605s9999||||xx |||||||||||||| ||und||
040 _aJO-AjNU
_bara
_erda
_cJO-AjNU
041 _aara
050 1 4 _aLB1028.43.S2248 2010
100 3 _aسعادة، جودت أحمد مؤلف/السرطاوي،عادل فايز م.مشارك,
_eauthor
_944439
245 0 0 _aإستخدام الحاسوب والإنترنت في ميادين التربية والتعليم
250 _aط1
264 3 1 _aعمان:دار الشروق للنشر والتوزيع،2010
300 _a384ص
336 _atext
_btxt
_2rdacontent
337 _aunmediated
_bn
_2rdamedia
338 _avolume
_bnc
_2rdacarrier
650 4 _aتكنولوجيا تعليم-حاسوب تعليمي-وسائل تعليمية. حاسوب إلكتروني-تعلم وتعليم.
_944440
999 _aA19189
_c22757
_d22757